Training Methodology in extension education (Record no. 11859)

MARC details
000 -LEADER
fixed length control field 00462nam a2200169Ia 4500
008 - FIXED-LENGTH DATA ELEMENTS--GENERAL INFORMATION
fixed length control field 140316s9999 xx 000 0 und d
020 ## - INTERNATIONAL STANDARD BOOK NUMBER
International Standard Book Number 8183212220
082 ## - DEWEY DECIMAL CLASSIFICATION NUMBER
Classification number 371.35
Item number KAN/TR
100 ## - MAIN ENTRY--PERSONAL NAME
Personal name Kanwat,Manish
245 ## - TITLE STATEMENT
Title Training Methodology in extension education
260 ## - PUBLICATION, DISTRIBUTION, ETC. (IMPRINT)
Place of publication, distribution, etc. Udaipur
Name of publisher, distributor, etc. Agrotech Publishing Academy
Date of publication, distribution, etc. 2011
300 ## - PHYSICAL DESCRIPTION
Extent 160
650 ## - SUBJECT ADDED ENTRY--TOPICAL TERM
Topical term or geographic name as entry element Extension Education
700 ## - ADDED ENTRY--PERSONAL NAME
Personal name Chargotra,Meenakshi
700 ## - ADDED ENTRY--PERSONAL NAME
Personal name Kumar,Suresh P
942 ## - ADDED ENTRY ELEMENTS (KOHA)
Source of classification or shelving scheme Dewey Decimal Classification
Koha item type Books (General)
Holdings
Withdrawn status Lost status Source of classification or shelving scheme Damaged status Not for loan Home library Current library Shelving location Date acquired Total Checkouts Full call number Barcode Date last seen Price effective from Koha item type
    Dewey Decimal Classification     KAU Central Library, Thrissur KAU Central Library, Thrissur General 18/03/2014   371.35 KAN/TR 220840 18/03/2014 18/03/2014 Books (General)
Kerala Agricultural University Central Library
Thrissur-(Dt.), Kerala Pin:- 680656, India
Ph : (+91)(487) 2372219
E-mail: librarian@kau.in
Website: http://library.kau.in/